Stars In Stripes Quiz Stats

Quiz Updated Jun 30, 2015

Challenge
Share
Tweet
Score 0/22 Timer 06:00
1 Play Today
% Correct
Katy Perry
97.3%
Taylor Swift
96.2%
Halle Berry
89%
Bono
87.7%
Meryl Streep
86%
Steven Tyler
84.4%
Britney Spears
81.8%
Paris Hilton
76.6%
LeBron James
76.3%
Michael Jackson
75.3%
Hilary Duff
71.4%
% Correct
Carrie Underwood
69.2%
Stephen Colbert
65.9%
Nicole Richie
62.3%
Kesha
55.4%
P!nk
55.2%
Beyoncé Knowles
54.7%
Axl Rose
53.4%
Jon Bon Jovi
47.9%
Heidi Klum
46.5%
Kate Bosworth
9.6%
Ali Landry
5.5%

You're not logged in!

Compare scores with friends on all Sporcle quizzes.
Sign Up with Email
OR
Log In

You Might Also Like...

Show Comments

Extras

Top Quizzes Today


Score Distribution

Your Account Isn't Verified!

In order to create a playlist on Sporcle, you need to verify the email address you used during registration. Go to your Sporcle Settings to finish the process.